| 000 | 00542nam a2200181Ia 4500 | ||
|---|---|---|---|
| 003 | OSt | ||
| 005 | 20260130142621.0 | ||
| 008 | 210210b1955 xxu||||| |||| 00| 0 eng d | ||
| 040 | _cAL | ||
| 041 | _aKannada | ||
| 082 | _a853/208 | ||
| 100 |
_aPARAMESHVARA (S V) _9161253 _dಪರಮೇಶ್ವರ (ಎಸ್.ವಿ) |
||
| 245 |
_aKannada vikramorvashiya: _bಕನ್ನಡ ವಿಕ್ರಮೋರ್ವಶೀಯ |
||
| 260 |
_aMaisuru _bUsha Sahitya Male _c1955 |
||
| 690 |
_aKannada Drama _9161254 |
||
| 906 | _a019479 | ||
| 942 |
_2ddc _cBK |
||
| 999 |
_c143598 _d143598 |
||